Meri Aakhri Jang - Afghanistan, Soviet Afwaj kay Inkhala Kay Baad / میری آخری جنگ افغانستان، سوویت افواج کے انخلا کے بعد (Urdu) / (Record no. 593413)

000 -LEADER
fixed length control field 00428nam a22001217a 4500
020 ## - INTERNATIONAL STANDARD BOOK NUMBER
International Standard Book Number 978-969-652-011-5
040 ## - CATALOGING SOURCE
Transcribing agency NUST
082 ## - DEWEY DECIMAL CLASSIFICATION NUMBER
Classification number 355.02,GAR
245 ## - TITLE STATEMENT
Title Meri Aakhri Jang - Afghanistan, Soviet Afwaj kay Inkhala Kay Baad / میری آخری جنگ افغانستان، سوویت افواج کے انخلا کے بعد (Urdu) /
260 ## - PUBLICATION, DISTRIBUTION, ETC.
Place of publication, distribution, etc. Lahore
Name of publisher, distributor, etc. Jumhoori
Date of publication, distribution, etc. 2015
300 ## - PHYSICAL DESCRIPTION
Extent 127 p.;
942 ## - ADDED ENTRY ELEMENTS (KOHA)
Source of classification or shelving scheme
Koha item type Book
Call number prefix 355.02,GAR
Holdings
Withdrawn status Lost status Source of classification or shelving scheme Damaged status Not for loan Permanent Location Current Location Shelving location Date acquired Total Checkouts Full call number Barcode Date last seen Price effective from Koha item type Public note
          Military College of Signals (MCS) Military College of Signals (MCS) General Stacks 02/22/2023   355.02,GAR MCS38243 02/22/2023 02/22/2023 Book Almirah No.64, Shelf No.6
© 2023 Central Library, National University of Sciences and Technology. All Rights Reserved.